Ästhetik des Performativen
| Main Author: | |
|---|---|
| Format: | Print Book |
| Language: | German |
| Subito Delivery Service: | Order now. |
| Check availability: | HBZ Gateway |
| WorldCat: | WorldCat |
| Interlibrary Loan: | Interlibrary Loan for the Fachinformationsdienste (Specialized Information Services in Germany) |
| Published: |
Frankfurt am Main
Suhrkamp
2004
|
| In: | Year: 2004 |
| Edition: | 1. Auflage |
| Series/Journal: | Edition suhrkamp
2373 |
| Standardized Subjects / Keyword chains: | B
Performance (Linguistics)
/ Aesthetics
/ Theater
B Aesthetics / Performativity (Cultural sciences) |
| Further subjects: | B
Performance art
B Theater History and criticism B Aesthetics |
| Online Access: |
Table of Contents Review Review |
MARC
| LEADER | 00000cam a2200000 c 4500 | ||
|---|---|---|---|
| 001 | 378193740 | ||
| 003 | DE-627 | ||
| 005 | 20260206021002.0 | ||
| 007 | tu | ||
| 008 | 040204s2004 gw ||||| 00| ||ger c | ||
| 015 | |a 04,N08,1258 |2 dnb | ||
| 015 | |a 04,A48,1483 |2 dnb | ||
| 016 | 7 | |a 96994442X |2 DE-101 | |
| 020 | |a 3518123734 |c Kt. : ca. EUR 12.00, CHF 22.10 |9 3-518-12373-4 | ||
| 020 | |a 9783518123737 |c : Kt. : ca. EUR 12.00, CHF 22.10 |9 978-3-518-12373-7 | ||
| 024 | 3 | |a 9783518123737 | |
| 035 | |a (DE-627)378193740 | ||
| 035 | |a (DE-576)109677919 | ||
| 035 | |a (DE-599)GBV378193740 | ||
| 035 | |a (OCoLC)237896142 | ||
| 035 | |a (OCoLC)237896142 | ||
| 035 | |a (AT-OBV)AC04155076 | ||
| 040 | |a DE-627 |b ger |c DE-627 |e rakwb | ||
| 041 | |a ger | ||
| 044 | |c XA-DE | ||
| 050 | 0 | |a PN1791 | |
| 082 | 0 | |a 792.01 | |
| 082 | 0 | |a 830 | |
| 082 | 0 | 4 | |a 791 |
| 084 | |a TH 150 |2 sfb | ||
| 084 | |a TH 255 |2 sfb | ||
| 084 | |a 791 |2 sdnb | ||
| 084 | |a 1 |2 ssgn | ||
| 084 | |a LH 61040 |q OBV |2 rvk |0 (DE-625)rvk/94202: | ||
| 084 | |a AP 66400 |2 rvk |0 (DE-625)rvk/7842: | ||
| 084 | |a AP 66300 |2 rvk |0 (DE-625)rvk/7841: | ||
| 084 | |a 24.03 |2 bkl | ||
| 084 | |a 08.41 |2 bkl | ||
| 090 | |a a | ||
| 100 | 1 | |e VerfasserIn |0 (DE-588)120962144 |0 (DE-627)080997120 |0 (DE-576)160950406 |4 aut |a Fischer-Lichte, Erika |d 1943- | |
| 109 | |a Pisyeo-Lihite, Elika 1943- |a Lichte, Erika Fischer- 1943- |a P'isyŏ-Rihit'e, Erik'a 1943- |a Fisshā-Rihite, Erika 1943- |a Lichte, Erika 1943- |a E li ka Pi syeo-Li hi te 1943- |a Lixite, Ailika Feiseer- 1943- |a Fischer-Lichte, E. 1943- |a Ailika-Feiseer-Lixite 1943- |a Elika-Pisyeo-Lihite 1943- |a Feiseer-Lixite, Ailika 1943- |a Ai li ka Fei se er Li xi te 1943- |a Fišer-Lichte, Ėrika 1943- |a Fischer-Lichte, Erika 1943- | ||
| 191 | |a 1 | ||
| 245 | 1 | 0 | |a Ästhetik des Performativen |c Erika Fischer-Lichte |
| 250 | |a 1. Auflage | ||
| 264 | 1 | |a Frankfurt am Main |b Suhrkamp |c 2004 | |
| 300 | |a 376 Seiten |c 18 cm | ||
| 336 | |a Text |b txt |2 rdacontent | ||
| 337 | |a ohne Hilfsmittel zu benutzen |b n |2 rdamedia | ||
| 338 | |a Band |b nc |2 rdacarrier | ||
| 361 | 1 | |5 DE-B763 |y 4562068019 |s Pb 3/32 |o Vorbesitz |a Wellmer, Albrecht |0 (DE-588)121172899 |0 (DE-627)081132786 |0 (DE-576)163522774 | |
| 490 | 0 | |a Edition suhrkamp |v 2373 | |
| 500 | |a Hier auch später erschienene, unveränderte Nachdrucke | ||
| 505 | 8 | |a Literaturverzeichnis: Seite 363-[377] | |
| 650 | 4 | |a Aesthetics | |
| 650 | 4 | |a Performance art | |
| 650 | 4 | |a Theater |x History and criticism | |
| 689 | 0 | 0 | |d s |0 (DE-588)4128325-9 |0 (DE-627)104790733 |0 (DE-576)209601159 |2 gnd |a Performanz |g Linguistik |
| 689 | 0 | 1 | |d s |0 (DE-588)4000626-8 |0 (DE-627)106400541 |0 (DE-576)208838821 |2 gnd |a Ästhetik |
| 689 | 0 | 2 | |d s |0 (DE-588)4059702-7 |0 (DE-627)106142550 |0 (DE-576)20913187X |2 gnd |a Theater |
| 689 | 0 | |5 DE-101 | |
| 689 | 1 | 0 | |d s |0 (DE-588)4000626-8 |0 (DE-627)106400541 |0 (DE-576)208838821 |2 gnd |a Ästhetik |
| 689 | 1 | 1 | |d s |0 (DE-588)7651115-7 |0 (DE-627)593684117 |0 (DE-576)304096148 |2 gnd |a Performativität |g Kulturwissenschaften |
| 689 | 1 | |5 (DE-627) | |
| 856 | 4 | 2 | |u http://www.gbv.de/dms/weimar/toc/378193740_toc.pdf |m V:DE-601 |m B:DE-Wim2 |q application/pdf |x Verlag |y Inhaltsverzeichnis |3 Inhaltsverzeichnis |7 1 |
| 856 | 4 | 2 | |u https://swbplus.bsz-bw.de/bsz109677919rez.htm |m V:DE-576 |v 2005-09-12 |3 Rezension |7 1 |
| 856 | 4 | 2 | |u http://www.sehepunkte.de/2005/09/7256.html |m V:DE-576;X:Sehepunkte |q text/html |v 20180424123816 |3 Rezension |7 1 |
| 889 | |w (DE-627)503759791 | ||
| 889 | |w (DE-627)529799014 | ||
| 889 | |w (DE-627)584696043 | ||
| 889 | |w (DE-627)612517624 | ||
| 889 | |w (DE-627)687176069 | ||
| 935 | |a mteo | ||
| 935 | |i sf | ||
| 935 | |i Blocktest | ||
| 936 | r | v | |a LH 61040 |b Ästhetik der Bildenden Kunst und ihre Geschichte |k Kunstgeschichte |k Allgemeines. Allgemeine Kunstgeschichte |k Theorie und Praxis der Bildenden Kunst |k Theorie der Bildenden Kunst |k Ästhetik der Bildenden Kunst und ihre Geschichte |0 (DE-627)1270636383 |0 (DE-625)rvk/94202: |0 (DE-576)200636383 |
| 936 | r | v | |a AP 66400 |b Ästhetik |k Allgemeines |k Medien- und Kommunikationswissenschaften, Medienkulturwissenschaft, Kommunikationsdesign |k Theater |k Theorie, Ästhetik, Methodik |k Ästhetik |0 (DE-627)1270691708 |0 (DE-625)rvk/7842: |0 (DE-576)200691708 |
| 936 | r | v | |a AP 66300 |b Theorie |k Allgemeines |k Medien- und Kommunikationswissenschaften, Medienkulturwissenschaft, Kommunikationsdesign |k Theater |k Theorie, Ästhetik, Methodik |k Theorie |0 (DE-627)1270691694 |0 (DE-625)rvk/7841: |0 (DE-576)200691694 |
| 936 | b | k | |a 24.03 |j Theorie und Ästhetik des Theaters |0 (DE-627)106405640 |
| 936 | b | k | |a 08.41 |j Ästhetik |x Philosophie |0 (DE-627)106403044 |
| 951 | |a BO | ||
| ELC | |b 1 | ||
| ITA | |a 1 | ||
| LOK | |0 000 xxxxxcx a22 zn 4500 | ||
| LOK | |0 001 3146447738 | ||
| LOK | |0 003 DE-627 | ||
| LOK | |0 004 378193740 | ||
| LOK | |0 005 20100407090719 | ||
| LOK | |0 008 050214||||||||||||||||ger||||||| | ||
| LOK | |0 040 |a DE-21-52 |c DE-627 |d DE-21-52 | ||
| LOK | |0 541 |e 05/41 | ||
| LOK | |0 689 |a s |0 1310812861 |a Performanz | ||
| LOK | |0 689 |a s |0 1310812063 |a Ästhetik | ||
| LOK | |0 689 |a s |0 131081287X |a Theater | ||
| LOK | |0 689 |a s |0 1310811873 |a Kunst | ||
| LOK | |0 852 |a DE-21-52 | ||
| LOK | |0 852 1 |c Mc 86 |m p |9 00 | ||
| LOK | |0 938 |k p | ||
| LOK | |0 939 |a 14-02-05 |b l01 | ||
| LOK | |0 000 xxxxxcx a22 zn 4500 | ||
| LOK | |0 001 3146447754 | ||
| LOK | |0 003 DE-627 | ||
| LOK | |0 004 378193740 | ||
| LOK | |0 005 20250610102506 | ||
| LOK | |0 008 080721||||||||||||||||ger||||||| | ||
| LOK | |0 040 |a DE-21-31 |c DE-627 |d DE-21-31 | ||
| LOK | |0 541 |e 08/811 | ||
| LOK | |0 852 |z Vermisst 6/25 | ||
| LOK | |0 852 |a DE-21-31 | ||
| LOK | |0 852 1 |c Pw II c 105 |m p |9 00 | ||
| LOK | |0 938 |k p | ||
| LOK | |0 938 |l E12 |8 0 | ||
| LOK | |0 939 |a 21-07-08 |b l01 | ||
| ORI | |a TA-MARC-ixtheo_oa001.raw | ||
| REL | |a 1 | ||
| STA | 0 | 0 | |a Aesthetics,Art,Aesthetics,Theater,Theater,Theatre,Theater life,Theaters,Theaters in literature |
| STB | 0 | 0 | |a Esthétique,Esthétique,Théâtre,Théâtre,Théâtres |
| STC | 0 | 0 | |a Estética,Estética,Teatro,Teatro,Teatros |
| STD | 0 | 0 | |a Estetica,Teatro,Teatro,Teatri |
| STE | 0 | 0 | |a 剧场,剧院,美学 |
| STF | 0 | 0 | |a 劇場,劇院,美學 |
| STG | 0 | 0 | |a Estética,Teatro,Teatro |
| STH | 0 | 0 | |a Театр (мотив),Театр,Эстетика |
| STI | 0 | 0 | |a Αισθητική,Θέατρο (μοτίβο),Θέατρο |
| SUB | |a REL | ||
| SYE | 0 | 0 | |a Theaterleben,Theaterkultur |
| SYG | 0 | 0 | |a Performance,Performance,Sprachliche Performanz,Sprachperformanz,Performativität,Sprachverwendung , Künste,Künste,Kunstästhetik,Kunstphilosophie,Kunsttheorie,Philosophische Ästhetik,Kunstanschauung,Kunstauffassung , Theaterleben,Theaterkultur , Künste,Künste,Kunstästhetik,Kunstphilosophie,Kunsttheorie,Philosophische Ästhetik,Kunstanschauung,Kunstauffassung , Performanz |



